00259cam a22000971 450008200150000010000210001524500430003626000430007930000190012265000200014100a541.36 REI1 aReid, Charles E.10aPrinciples of chemical thermodynamics. aNew York,bReinhold Pub. Corp.c[1960] a306 p.billus. 0aThermodynamics.